Evaluation of the Effectivness of Programs to Ensure Stable Quality and Food Safety - Preliminary Study

Gespeichert in:
Bibliographische Detailangaben
1. Verfasser: Orzechowska-Przybyla, Kamila
Weitere Verfasser: Niewelt, Alina, Kosiorowska, Małgorzata, 1978-, Lesiów, Tomasz
Format: Buchkapitel
Sprache:Englisch
Schlagworte:
Tags: Tag hinzufügen
Keine Tags, Fügen Sie das erste Tag hinzu!

MARC

LEADER 00000naa a2200000 4500
001 0172125
005 20240502083413.6
041 0 |a eng 
044 |a PL 
245 1 0 |a Evaluation of the Effectivness of Programs to Ensure Stable Quality and Food Safety - Preliminary Study  |c Kamila Orzechowska-Przybyla, Alina Niewelt, Małgorzata Kosiorowska, Tomasz Lesiów 
610 2 0 |a dodávatelia 
610 2 0 |a potraviny 
610 2 0 |a kvalita potravín 
610 2 0 |a bezpečnosť potravinová 
610 2 0 |a audit 
100 1 |a Orzechowska-Przybyla, Kamila 
700 1 |a Niewelt, Alina 
700 1 |a Kosiorowska, Małgorzata, 1978- 
700 1 |a Lesiów, Tomasz